El Salvador: análisis de las elecciones presidenciales y perspectivas políticas, marzo de 1989 /

Bewaard in:
Bibliografische gegevens
Hoofdauteur: Córdova Macías, Ricardo
Formaat: Texto
Tags: Voeg label toe
Geen labels, Wees de eerste die dit record labelt!

MARC

LEADER 00000 a a2200000 04500
001 12723
003
040
100 |a Córdova Macías, Ricardo  
245 |a El Salvador:   |b análisis de las elecciones presidenciales y perspectivas políticas, marzo de 1989 /  |c Ricardo Córdova Macías 
773 |g número 11; páginas 2-18  
999 |c 39944  |d 39944